000 00518cam a22001814a 4500
005 20250605164044.0
008 250528s ||||||||||||||||||||||||d
035 _a17062
040 _aGR-AtMCL
_bgre
_dGR-AtMCL
_eAACR2
245 1 _aMarxist-Leninist Aesthetics and the Arts
260 _bProgress Publishers,
_c1980
300 _a346
520 _aCulture and the Arts, Aesthetics and the Problems of Artistic Creation.
700 1 _aRoxburgh Angus
_93194
942 _cBK
999 _c2502
_d2502